| 000 | 01225 am a2200361ua 4500 | ||
|---|---|---|---|
| 999 |
_c28760 _d28731 |
||
| 001 | 011307173 | ||
| 003 | EG-ScBUE | ||
| 005 | 20200921095720.0 | ||
| 008 | 900131s1988 enka f 001 0 eng d | ||
| 020 | _a0140091025 (pbk) | ||
| 020 | _a9780140091021 | ||
| 040 |
_aUk _beng _erda _cUk _dEG-ScBUE |
||
| 082 | 0 | 4 |
_a657.3 _bPAR _222 |
| 100 | 1 | 0 |
_aParker, R. H. _q(Robert Henry) _eauthor. |
| 245 | 1 | 0 |
_aUnderstanding company financial statements / _cR. H. Parker. |
| 250 | _aThird edition. | ||
| 250 | _aNew edition. | ||
| 264 | 1 |
_aLondon, England : _bPenguin Books, _c1988. |
|
| 300 |
_ax,175 pages : _billustrations ; _c20 cm. |
||
| 336 |
_atext _2rdacontent _btxt |
||
| 337 |
_aunmediated _2rdamedia _bn |
||
| 338 |
_avolume _2rdacarrier _bnc |
||
| 490 | 0 | _aPenguin business | |
| 500 | _aPrevious ed.: 1982. | ||
| 500 | _aIncludes index. | ||
| 650 | 7 |
_aFinancial statements. _2BUEsh |
|
| 650 | 7 |
_aCorporations _xFinance. _2BUEsh |
|
| 653 |
_aCompanies _aFinancial statements _aInterpretation _bBUSADM _cSeptember2020 |
||
| 655 |
_vReading book _934232 |
||
| 886 | 2 |
_2ukmarc _a900 _b10 _aParker _hRobert Henry _xSee _aParker, R. H. (Robert Henry) _z100 |
|
| 942 |
_2ddc _cBB |
||